Statistiques concernant Harry Potter: les Pulls de Noël de Madame Weasley

Cliquez ici pour prendre le quiz!

Statistiques générales

  • Ce quiz a été pris 90 fois
  • Le résultat moyen est 18 sur 24

Statistiques - réponses

InformationRéponses% Correct
MotifGrand "P"
100%
MotifGrand "R" ambre
100%
MotifGrand "G"
99%
MotifGrand "H" ambre
97%
Première apparitionHarry Potter à l'école des sorciers
91%
FabricanteMolly Weasley
91%
MotifGrand "F" jaune
90%
PropriétaireHarry Potter
90%
PropriétaireRon Weasley
90%
Couleur (HP1)Rouge
90%
Couleur (HP3)Rouge
90%
Couleur (HP1)Bleu Marine
84%
Couleur (HP4)Vert
84%
Couleur (HP1)Bleu
82%
Couleur (HP1)Bleu
82%
PropriétaireFred Weasley
82%
PropriétaireGeorge Weasley
81%
Dernière apparitionHarry Potter et le Prince de Sang-Mêlé
76%
PropriétairePercy Weasley
76%
Couleur (HP3)Violet
55%
Couleur (HP1)Bordeaux
27%
Motif (HP7)Vif d'or
22%
MotifDragon
21%
MotifLion de Gryffondor
19%

Distribution des résultats

Percentile par nombre de réponses

% des personnes avec chaque résultat

Votre développement - résultats

Vous n’avez pas pris ce quiz